BIBLIOTECA PODER JUDICIAL
Portal Judicial TDF

La nueva reglamentación de los hidrocarburos / (Registro nro. 5439)

000 -LEADER
fixed length control field 01338nab a22002537a 4500
003 - CONTROL NUMBER IDENTIFIER
control field OSt
005 - DATE AND TIME OF LATEST TRANSACTION
control field 20250909103430.0
008 - FIXED-LENGTH DATA ELEMENTS--GENERAL INFORMATION
fixed length control field 190604e xxu||||| |||| 00| 0 spa d
040 ## - CATALOGING SOURCE
Transcribing agency PJ
100 ## - MAIN ENTRY--PERSONAL NAME
9 (RLIN) 6448
Personal name Tito, Verónica
245 13 - TITLE STATEMENT
Title La nueva reglamentación de los hidrocarburos /
Statement of responsibility, etc Verónica Tito.
260 ## - PUBLICATION, DISTRIBUTION, ETC. (IMPRINT)
Place of publication, distribution, etc Ciudad Autónoma de Buenos Aires :
Name of publisher, distributor, etc Thomson Reuters La Ley,
Date of publication, distribution, etc 2025.
300 ## - PHYSICAL DESCRIPTION
Extent p. 82-92
500 ## - GENERAL NOTE
General note Cita Online: TR LALEY AR/DOC/492/2025.<br/>
505 ## - FORMATTED CONTENTS NOTE
Formatted contents note Sumario: I. Introducción.— II. Anexo I dec. 1057/2024. Reglamentación de los arts. 101 a 152 del capítulo I del Título VI de la ley 27.742.— III. Anexo II dec. 1057/2024. Reglamentación de los arts. 153 a 158 del capítulo II del Título VI de la ley 27.742.— IV. Anexo III dec. 1057/2024. Reglamentación del art. 163 del capítulo VI del Título VI de la ley 27.742.<br/><br/>
505 ## - FORMATTED CONTENTS NOTE
Title ¿Te interesa el texto completo? Solicitalo al correo: koha@justierradelfuego.gov.ar<br/>
650 #0 - SUBJECT ADDED ENTRY--TOPICAL TERM
9 (RLIN) 3979
Topical term or geographic name as entry element HIDROCARBUROS
650 #0 - SUBJECT ADDED ENTRY--TOPICAL TERM
9 (RLIN) 6432
Topical term or geographic name as entry element EXPLOTACION DE HIDROCARBUROS
650 #0 - SUBJECT ADDED ENTRY--TOPICAL TERM
9 (RLIN) 6449
Topical term or geographic name as entry element GAS NATURAL
650 #0 - SUBJECT ADDED ENTRY--TOPICAL TERM
9 (RLIN) 6430
Topical term or geographic name as entry element INVERSIONES
650 #0 - SUBJECT ADDED ENTRY--TOPICAL TERM
9 (RLIN) 4531
Topical term or geographic name as entry element DECRETO REGLAMENTARIO
773 0# - HOST ITEM ENTRY
Host Biblionumber 2714
Host Itemnumber 3171
Place, publisher, and date of publication Ciudad Autónoma de Buenos Aires : Thomson Reuters La Ley, 2014-
Title Revista anales de legislación argentina. Nº 4 - Abril 2025.
942 ## - ADDED ENTRY ELEMENTS (KOHA)
Source of classification or shelving scheme
Koha item type Analítica Artículo de Revista

No hay ítems disponibles.

12 de Octubre 789 Ushuaia - Tel:  54(02901)441571
Horario de Atención: 8.00 a 17.00 hs. 
bibliotecaush@justierradelfuego.gov.ar
koha@justierradelfuego.gov.ar
Seguinos en nuestras redes @bibliojustdf 

Con tecnología Koha